00626nam a22002177a 450000500170000001000130001702000220003003500130005203700160006508200150008110000210009624501290011725000120024626000370025827000070029530000280030250000200033065000210035065000140037170000230038520181218123507.0 aA-302853 c00.00a0443037604 aA-302853 bCen Lib/Ret a617.8bHAL aHall, I. Simson  aDiseases of the nose, throat and ear :cby I. Simson Hall [and] Bernard H. Colman ba handbook of students and practioners / a12th ed aUKbChurchill Livingstone c1986 bUK a407p. ;c21cm(Hb)bill. aIncludes index  aMedical science  aDiseases  aColman, Bernard H.